|
|
|
|
| LEADER |
00771nam a22002292a 4500 |
| 001 |
001218981 |
| 003 |
CZ BrMZK |
| 005 |
20121128110347.0 |
| 007 |
ta |
| 008 |
120601s1975 xo a er 000 0 cze d |
| 040 |
|
|
|a BOA001
|b cze
|
| 041 |
1 |
|
|a cze
|h rus
|
| 100 |
1 |
|
|a Pavlova, Nina Michajlovna,
|d 1897-1973
|7 xx0052072
|4 aut
|
| 245 |
1 |
0 |
|a Čí jsou to botičky ? /
|c Nina Michajlovna Pavlovová ; z ruského originálu ... přeložil Pavel Šrut ; ilustrovala Ol'ga Bekéniová
|
| 250 |
|
|
|a 1. vyd.
|
| 260 |
|
|
|a Bratislava :
|b Mladé letá,
|c 1975
|
| 300 |
|
|
|a 1 sv. :
|b il.
|
| 765 |
0 |
|
|t Č'i bašmački
|9 Česky
|
| 910 |
|
|
|a BOA001
|b 2-0760.284
|
| 990 |
|
|
|a BK
|
| 991 |
|
|
|b 201206
|
| 996 |
7 |
|
|b 2619528320
|c 2-0760.284
|l MZK
|r Sklad / do 1 hodiny
|n 0
|w 001252839
|u 000010
|a 1
|e BOA001
|j MZK50
|s A
|